[Event "22. Open"]
[Site "?"]
[Date "2000.10.28"]
[Round "8"]
[White "Lazarev Vladimir"]
[Black "Tomescu Vlad"]
[Result "1-0"]
[WhiteElo "2478"]
[BlackElo "2432"]
[PlyCount "83"]
[EventDate "2000.??.??"]
[Source "www.chesslib.no"]
[SourceDate "2004.05.04"]

1. d4 b5 2. e4 a6 3. Bd3 Bb7 4. Nf3 e6 5. a4 c5 6. c3 c4 7. Bc2 Nf6 8. Qe2 Be7 9. O-O Nc6 10. Na3 d5 11. e5 Nd7 12. b4 cxb3 13. Bxb3 b4 14. cxb4 Nxb4 15. Bd2 O-O 16. Rab1 a5 17. Nb5 Ba6 18. Rfc1 Rb8 19. Bxb4 axb4 20. Rc6 Qa5 21. Qc2 Rfc8 22. Na7 Rd8 23. Rxa6 Qxa6 24. Nc6 Bf8 25. Nxd8 Rc8 26. Qd1 Rxd8 27. Rc1 Nb6 28. h4 Nc4 29. Qd3 Ra8 30. Ng5 g6 31. h5 Bh6 32. Qg3 Nd2 33. hxg6 hxg6 34. Nxf7 Nf3+ 35. gxf3 Bxc1 36. Qxg6+ Kf8 37. Nd6 Ra7 38. Qf6+ Kg8 39. Qxe6+ Kh8 40. Qe8+ Kg7 41. Bxd5 Qd3 42. Be4 1-0

[Event "Ortigueira SPA"]
[Site "?"]
[Date "2005.08.18"]
[Round "7.3"]
[White "Petkov Vladimir"]
[Black "Nanu Ciprian"]
[Result "1-0"]
[WhiteElo "2475"]
[BlackElo "2434"]
[PlyCount "109"]
[EventDate "2005.??.??"]
[Source "www.chesslib.no"]
[SourceDate "2004.05.04"]

1. d4 b5 2. e4 a6 3. a4 b4 4. Nf3 e6 5. Bd3 Bb7 6. O-O c5 7. c3 Be7 8. Nbd2 bxc3 9. bxc3 cxd4 10. cxd4 Nc6 11. Re1 Nb4 12. Bb1 Nf6 13. d5 exd5 14. e5 Nh5 15. Nb3 g6 16. Bh6 Rg8 17. Qd2 Ng7 18. a5 Ne6 19. Ra4 Nc6 20. h4 Rb8 21. Bg5 Ba8 22. Bxe7 Qxe7 23. Nbd4 Ncxd4 24. Nxd4 Bc6 25. Nxc6 dxc6 26. Bd3 Nc5 27. Rf4 Rb3 28. Bf1 Ne6 29. Qc2 Nxf4 30. Qxb3 Qa7 31. Bxa6 Ne6 32. Bb7 Qxa5 33. Bxc6+ Kf8 34. Rd1 Kg7 35. Bxd5 Re8 36. Qf3 Qb4 37. Qf6+ Kg8 38. Bxe6 fxe6 39. Rd7 Qf8 40. g4 Qxf6 41. exf6 Ra8 42. Rg7+ Kh8 43. Kg2 Ra4 44. Kg3 e5 45. Re7 Kg8 46. Rxe5 h5 47. g5 Rg4+ 48. Kh3 Rf4 49. Re7 Rxf2 50. Rg7+ Kf8 51. Rxg6 Rf3+ 52. Kg2 Rf4 53. Kg3 Rg4+ 54. Kh3 Ra4 55. Rh6 1-0

[Event "Budapest HUN"]
[Site "?"]
[Date "1997.12.16"]
[Round "10"]
[White "Varga Zoltan"]
[Black "Tomescu Vlad"]
[Result "1-0"]
[WhiteElo "2495"]
[BlackElo "2410"]
[PlyCount "127"]
[EventDate "1997.??.??"]
[Source "www.chesslib.no"]
[SourceDate "2004.05.04"]

1. d4 b5 2. e4 Bb7 3. Bd3 e6 4. Nf3 c5 5. c3 a6 6. O-O d6 7. a4 c4 8. Bc2 Nf6 9. Qe2 Be7 10. Nbd2 Nc6 11. Rd1 d5 12. e5 Nd7 13. b3 cxb3 14. Nxb3 b4 15. Bd2 a5 16. Bd3 O-O 17. cxb4 Nxb4 18. Bxb4 Bxb4 19. Rab1 Nb6 20. Nc5 Bc6 21. Bc2 Qe7 22. Rdc1 Rfc8 23. h4 g6 24. Bd1 Be8 25. Qe3 Kg7 26. h5 Nc4 27. Rxc4 dxc4 28. Ne4 Bc6 29. Nf6 Bxf3 30. Bxf3 Rab8 31. Be4 c3 32. Qh3 h6 33. hxg6 fxg6 34. Bxg6 c2 35. Rc1 Bd2 36. Rxc2 Bg5 37. Bd3 Kh8 38. Ne4 Rxc2 39. Bxc2 Rb2 40. Qd3 Qc7 41. Nc5 Ra2 42. Qg6 Qe7 43. g3 Qg7 44. Qe4 Be3 45. Kg2 Rxc2 46. Qxc2 Bxd4 47. Nxe6 Qb7+ 48. Kh2 Bxe5 49. Qg6 Qh7 50. Nf8 Qg7 51. Qe8 Bd6 52. Ng6+ Kh7 53. Nh4 Bf8 54. Kh3 Qf6 55. Qe4+ Kg8 56. Kg2 Qf7 57. Nf5 Qb3 58. Qc6 Kf7 59. Nd4 Qb4 60. Qd5+ Ke8 61. Qh5+ Kd7 62. Qf5+ Ke8 63. Nc6 Qe1 64. Ne5 1-0

[Event "OHRA-B"]
[Site "Amsterdam"]
[Date "1985.??.??"]
[Round "6"]
[White "Ree, Hans"]
[Black "Watson, William N"]
[Result "1-0"]
[WhiteElo "2465"]
[BlackElo "2435"]
[PlyCount "96"]
[EventDate "1985.07.??"]
[Source "ChessBase"]

1. d4 b5 2. e4 Bb7 3. Bxb5 Bxe4 4. Nf3 e6 5. O-O Nf6 6. Re1 Bb7 7. c4 Be7 8. Nc3 O-O 9. Ba4 Nc6 10. Bc2 Re8 11. a3 Bf8 12. Bg5 h6 13. Bh4 Ne7 14. d5 g5 15. Nxg5 hxg5 16. Bxg5 Ng6 17. dxe6 Bg7 18. exf7+ Kxf7 19. Qd3 Nf8 20. Nd5 Bxd5 21. cxd5 Qb8 22. Bb3 d6 23. Be3 Ng6 24. Ba4 Re7 25. Bd4 Qh8 26. Qf5 Qh4 27. Rxe7+ Nxe7 28. Qe6+ Kf8 29. f4 Nfxd5 30. Bxg7+ Kxg7 31. Bb3 Nxf4 32. Qf7+ Kh8 33. g3 Ne2+ 34. Kf1 Qxh2 35. Qf6+ Kh7 36. Bc2+ Kg8 37. Bb3+ Kh7 38. Qxe7+ Kh6 39. Qf6+ Kh5 40. Qf3+ Kg5 41. Qe3+ Kg4 42. Qxe2+ Kxg3 43. Qxh2+ Kxh2 44. Rc1 c5 45. Ke2 Rb8 46. Rc3 d5 47. Bxd5 Rxb2+ 48. Kd3 Rb5 1-0

[Event "Zalakaros op 15th"]
[Site "?"]
[Date "1996.??.??"]
[Round "4"]
[White "Sergienko Sergey"]
[Black "Chernyshov Konstantin"]
[Result "1/2-1/2"]
[WhiteElo "2425"]
[BlackElo "2470"]
[PlyCount "122"]
[EventDate "1996.??.??"]
[Source "www.chesslib.no"]
[SourceDate "2004.05.04"]

1. d4 b5 2. e4 Bb7 3. Bd3 c5 4. c3 Nf6 5. f3 c4 6. Bc2 e6 7. Ne2 Be7 8. O-O d6 9. a4 a6 10. axb5 axb5 11. Rxa8 Bxa8 12. Na3 Bc6 13. b3 d5 14. e5 Nfd7 15. b4 Qb6 16. Kh1 Na6 17. Qe1 O-O 18. Nf4 Nc7 19. Nh5 f5 20. exf6 Nxf6 21. Qh4 Rf7 22. Nxf6+ gxf6 23. Bh6 Qb8 24. Re1 Bd6 25. Nb1 Kh8 26. Nd2 Qg8 27. Nf1 Bf8 28. Bf4 e5 29. dxe5 Ne6 30. exf6 Nxf4 31. Qxf4 d4 32. Qxd4 Qg5 33. Ng3 Qxf6 34. Qxf6+ Rxf6 35. Kg1 Rd6 36. Rd1 Rxd1+ 37. Bxd1 Bh6 38. Kf2 Bd2 39. Ne2 Kg7 40. Bc2 h6 41. Bf5 Kf6 42. Be4 Be8 43. g3 Ke5 44. Bh7 Kf6 45. h3 Bd7 46. Kg2 Be1 47. f4 Bc6+ 48. Kf1 Bd2 49. Kf2 h5 50. g4 h4 51. Bf5 Kf7 52. Bc8 Ke7 53. Bf5 Kf7 54. g5 Ke7 55. g6 Kf6 56. Bc2 Bb7 57. Bb1 Bd5 58. Bc2 Bb7 59. f5 Bd5 60. Bb1 Bc6 61. Nd4 Bd7 1/2-1/2

[Event "Open"]
[Site "?"]
[Date "2005.09.22"]
[Round "7"]
[White "Ionescu Constantin"]
[Black "Nanu Ciprian-Costica"]
[Result "1-0"]
[WhiteElo "2456"]
[BlackElo "2434"]
[PlyCount "57"]
[EventDate "2005.??.??"]
[Source "www.chesslib.no"]
[SourceDate "2004.05.04"]

1. d4 b5 2. e4 a6 3. a4 b4 4. c4 bxc3 5. bxc3 e6 6. Nf3 Nf6 7. Bd3 d5 8. e5 Nfd7 9. Ng5 Be7 10. Qh5 g6 11. Qg4 c5 12. h4 Nc6 13. Qf4 Bxg5 14. hxg5 cxd4 15. cxd4 Nb4 16. Qd2 Qb6 17. Ba3 Rb8 18. Rh4 Nxd3+ 19. Qxd3 a5 20. Nd2 Ba6 21. Qh3 Qc6 22. Rxh7 Rxh7 23. Qxh7 Rb4 24. Qh8+ Ke7 25. Qh3 Qxa4 26. Bxb4+ Qxb4 27. Qa3 Nb8 28. Qxb4+ axb4 29. Ra4 1-0

[Event "Hotel Irottko GM"]
[Site "?"]
[Date "2000.??.??"]
[Round "1"]
[White "Kraai Jesse"]
[Black "Csom Istvan"]
[Result "1/2-1/2"]
[WhiteElo "2421"]
[BlackElo "2464"]
[PlyCount "58"]
[EventDate "2000.??.??"]
[Source "www.chesslib.no"]
[SourceDate "2004.05.04"]

1. d4 b5 2. c3 e6 3. Qb3 a6 4. a4 b4 5. Nf3 c5 6. Nbd2 Nc6 7. e3 Nf6 8. Be2 bxc3 9. bxc3 Rb8 10. Qc2 cxd4 11. cxd4 Nb4 12. Qd1 Nfd5 13. Bb2 Be7 14. O-O O-O 15. Nc4 a5 16. Qd2 Bb7 17. Rfc1 Nf6 18. Nfe5 Ne4 19. Qe1 Bh4 20. g3 Be7 21. Ba3 f6 22. Nf3 Bc6 23. Qd1 Rb7 24. Ncd2 Qa8 25. Nxe4 Bxe4 26. Nd2 Bc6 27. Bf3 d5 28. Nb1 Rc8 29. Nc3 Rbc7 1/2-1/2

[Event "Montecatini Terme"]
[Site "?"]
[Date "1999.??.??"]
[Round "6"]
[White "Skembris Spyridon"]
[Black "Tomescu Vlad"]
[Result "1/2-1/2"]
[WhiteElo "2445"]
[BlackElo "2436"]
[PlyCount "60"]
[EventDate "1999.??.??"]
[Source "www.chesslib.no"]
[SourceDate "2004.05.04"]

1. d4 b5 2. e4 Bb7 3. Bxb5 Bxe4 4. Nf3 Nf6 5. O-O e6 6. c4 Be7 7. Nc3 Bb7 8. Ba4 O-O 9. h3 c5 10. d5 Qb6 11. Re1 Na6 12. a3 Rfe8 13. dxe6 fxe6 14. Ne5 Rad8 15. Bg5 Nb8 16. Qd3 Nc6 17. Bxf6 Bxf6 18. Nxd7 Bxc3 19. Bc2 Rxd7 20. Qxd7 Re7 21. Qd3 Bxe1 22. Qxh7+ Kf8 23. Qh8+ Kf7 24. Rxe1 Qxb2 25. Qh5+ g6 26. Bxg6+ Kg8 27. Qxc5 Rg7 28. Rxe6 Ne7 29. Rxe7 Rxe7 30. Qxe7 Qc1+ 1/2-1/2

[Event "It"]
[Site "Leposavic"]
[Date "2003.06.17"]
[Round "6"]
[White "Milanovic, Danilo"]
[Black "Popchev, Milko"]
[Result "1/2-1/2"]
[WhiteElo "2429"]
[BlackElo "2450"]
[PlyCount "61"]
[EventDate "2003.06.14"]
[Source "Roberto Alvarez"]
[SourceDate "2003.11.03"]

1. d4 b5 2. e4 Bb7 3. Bxb5 Bxe4 4. Nf3 Nf6 5. O-O e6 6. Re1 Be7 7. Bg5 c6 8. Be2 h6 9. Bf4 O-O 10. Nbd2 Bf5 11. c3 d6 12. Nc4 Nd5 13. Bg3 Nb6 14. Nfd2 Nxc4 15. Nxc4 d5 16. Ne5 Qb6 17. b4 a5 18. a3 Ra7 19. Bg4 Be4 20. Bh3 Nd7 21. Nxd7 Rxd7 22. f3 Bf5 23. Bxf5 exf5 24. Qd3 g6 25. Rxe7 Rxe7 26. Bd6 Rfe8 27. Bxe7 Rxe7 28. Qd2 Qb5 29. Re1 Rxe1+ 30. Qxe1 a4 31. Qe8+ 1/2-1/2

[Event "JUG Team Ch"]
[Site "Cetinje"]
[Date "1990.??.??"]
[Round "7"]
[White "Lalic, Bogdan"]
[Black "Cigan, Stefan"]
[Result "1-0"]
[WhiteElo "2475"]
[BlackElo "2400"]
[PlyCount "59"]
[EventDate "1990.??.??"]
[Source "www.chesslib.no"]
[SourceDate "2004.05.04"]

1. d4 b5 2. c3 Bb7 3. Nf3 Nf6 4. e3 a6 5. a4 bxa4 6. Bd3 e6 7. O-O c5 8. Re1 d5 9. Bc2 Nbd7 10. Bxa4 Bd6 11. dxc5 Bxc5 12. b4 Ba7 13. c4 dxc4 14. Ne5 Qc7 15. Bb2 Rd8 16. Nxd7 Nxd7 17. Qg4 Rg8 18. b5 axb5 19. Bxb5 Bc5 20. Qxc4 Ke7 21. Rc1 Qd6 22. Na3 Bd5 23. Qe2 Nf6 24. Nc4 Bxc4 25. Rxc4 Rc8 26. Rac1 Rc7 27. Ba3 Rgc8 28. Qc2 Nd7 29. Bxd7 Bxa3 30. Bxc8 1-0

[Event "Catania Open"]
[Site "Catania"]
[Date "1995.??.??"]
[Round "8"]
[White "Marinelli, Tullio"]
[Black "Nurkic, Sahbaz"]
[Result "0-1"]
[WhiteElo "2425"]
[BlackElo "2450"]
[PlyCount "76"]
[EventDate "1995.08.??"]
[Source "www.chesslib.no"]
[SourceDate "2004.05.04"]

1. d4 b5 2. e4 Bb7 3. Nd2 a6 4. Ngf3 d6 5. c4 bxc4 6. Bxc4 e6 7. O-O Nf6 8. e5 Nd5 9. Nb3 Nb6 10. Bd3 Be7 11. Na5 Bd5 12. b3 O-O 13. Bf4 Ra7 14. Rc1 Ba8 15. Qe2 Nd5 16. Bd2 Nd7 17. h4 dxe5 18. dxe5 c5 19. a3 Nf4 20. Bxf4 Qxa5 21. Ng5 Bxg5 22. hxg5 g6 23. Ra1 Rd8 24. Bc4 Nb8 25. Rfd1 Nc6 26. Rd6 Nd4 27. Qd3 Rb8 28. b4 Qc7 29. bxc5 Nf5 30. Be3 Nxd6 31. exd6 Qc6 32. f3 Rab7 33. Qd4 Rb2 34. Ra2 Rxg2+ 35. Rxg2 Qxf3 36. Qd2 Rb1+ 37. Kh2 Qh5+ 38. Kg3 Rh1 0-1

[Event "CCA-ICC Open"]
[Site "?"]
[Date "2005.05.12"]
[Round "2"]
[White "Kiriakov Petr"]
[Black "Ardaman Miles"]
[Result "1-0"]
[WhiteElo "2565"]
[BlackElo "2308"]
[PlyCount "71"]
[EventDate "2005.??.??"]
[Source "www.chesslib.no"]
[SourceDate "2004.05.04"]

1. d4 b5 2. e4 Bb7 3. Qd3 a6 4. Be3 d6 5. Nd2 Nd7 6. a4 Ngf6 7. f3 c6 8. Ne2 e5 9. c3 d5 10. Ng3 g6 11. Be2 h5 12. O-O Be7 13. Qc2 Qc7 14. Rfe1 Kf8 15. Bf2 h4 16. Ngf1 Re8 17. h3 dxe4 18. fxe4 Nh5 19. Bg4 Ndf6 20. Bf3 Nf4 21. Nb3 Bc8 22. axb5 axb5 23. Kh1 N6h5 24. Bxh5 Rxh5 25. Be3 Rg5 26. Bxf4 exf4 27. Nbd2 c5 28. d5 c4 29. Nf3 Rg3 30. Nxg3 hxg3 31. e5 Bc5 32. Qe4 Bf2 33. Qxf4 Bf5 34. Nd4 Bd7 35. Re4 Qc5 36. e6 1-0

[Event "Borovo"]
[Site "?"]
[Date "1980.08.10"]
[Round "2"]
[White "Littlewood Paul E"]
[Black "Klaric Zlatko"]
[Result "1-0"]
[WhiteElo "2440"]
[BlackElo "2430"]
[PlyCount "80"]
[EventDate "1980.??.??"]
[Source "www.chesslib.no"]
[SourceDate "2004.05.04"]

1. d4 b5 2. e4 Bb7 3. Bxb5 Bxe4 4. Nf3 Nf6 5. O-O e6 6. c4 Be7 7. Nc3 Bb7 8. Ba4 Ba6 9. Ne5 O-O 10. Qf3 c6 11. Rd1 Bb7 12. Bg5 d5 13. Bc2 Nfd7 14. Qh5 f5 15. Bxe7 Qxe7 16. Re1 Nxe5 17. Rxe5 Nd7 18. Re3 g6 19. Qe2 Rae8 20. cxd5 cxd5 21. Re1 Rf6 22. f4 Nb6 23. Bb3 Qc7 24. Qb5 Bc6 25. Qc5 Qd7 26. Qa5 Rd8 27. R3e2 h6 28. h4 g5 29. hxg5 hxg5 30. fxg5 Rg6 31. Qa6 Qg7 32. Rd2 Qe7 33. Rde2 Rd7 34. a4 Qb4 35. a5 Qxd4+ 36. Rf2 Qb4 37. axb6 Qxb3 38. Qc8+ Kh7 39. Qxc6 Re7 40. Nxd5 Reg7 1-0

[Event "Copenhagen"]
[Site "?"]
[Date "2006.07.25"]
[Round "4"]
[White "Tallaksen Geir Sune"]
[Black "Karlsson Lars"]
[Result "1/2-1/2"]
[WhiteElo "2356"]
[BlackElo "2506"]
[PlyCount "42"]
[EventDate "2006.??.??"]
[Source "www.chesslib.no"]
[SourceDate "2004.05.04"]

1. d4 b5 2. Nf3 Bb7 3. e3 a6 4. c4 bxc4 5. Bxc4 e6 6. Nc3 Nf6 7. O-O d5 8. Bd3 c5 9. Qb3 Bc6 10. dxc5 Nbd7 11. Nd4 Nxc5 12. Nxc6 Qc7 13. Qc2 Qxc6 14. b3 Be7 15. Bb2 O-O 16. Rac1 Rfc8 17. Rfd1 Ng4 18. Kf1 f5 19. Ke2 f4 20. Na4 fxe3 21. fxe3 Nxh2 1/2-1/2

[Event "KS open"]
[Site "?"]
[Date "1998.06.22"]
[Round "2"]
[White "Fries Nielsen Jens Ove"]
[Black "Grabliauskas Virginijus"]
[Result "0-1"]
[WhiteElo "2395"]
[BlackElo "2465"]
[PlyCount "64"]
[EventDate "1998.??.??"]
[Source "www.chesslib.no"]
[SourceDate "2004.05.04"]

1. d4 b5 2. e4 Bb7 3. Bd3 Nf6 4. f3 a6 5. a4 b4 6. Ne2 e6 7. c4 bxc3 8. bxc3 c5 9. O-O Nc6 10. Na3 Na5 11. Nf4 Qc7 12. Be3 Be7 13. Ne2 O-O 14. Bf4 d6 15. Be3 Rfc8 16. Qb1 Bc6 17. Qd1 Rcb8 18. Ra2 Rb7 19. h3 Qd7 20. Bc2 cxd4 21. Nxd4 Qc7 22. Nxc6 Qxc6 23. Qd3 Rc8 24. Rc1 Qxc3 25. Bb1 Rxb1 26. Qxc3 Rxc3 27. Rxb1 Rxe3 28. Rb8+ Bf8 29. Rb6 d5 30. Rxa6 Nb3 31. exd5 Nxd5 32. Nb5 Nb4 0-1

[Event "It, Montecatini Terme ITA"]
[Site "?"]
[Date "2001.??.??"]
[Round "7"]
[White "Naumkin, I."]
[Black "Tomescu, V."]
[Result "1/2-1/2"]
[WhiteElo "2445"]
[BlackElo "2415"]
[PlyCount "38"]
[EventDate "2001.??.??"]
[Source "www.chesslib.no"]
[SourceDate "2004.05.04"]

1. d4 b5 2. e4 Bb7 3. Bxb5 Bxe4 4. Nf3 Nf6 5. O-O e6 6. c4 Be7 7. Nc3 Bb7 8. Re1 O-O 9. Bg5 d6 10. Qe2 c6 11. Ba4 Nbd7 12. Rad1 c5 13. Bc2 a6 14. dxc5 Nxc5 15. b4 Ncd7 16. Nd4 Qc7 17. Bb3 Rfe8 18. Bh4 Rac8 19. Bg3 Ba8 1/2-1/2

[Event "Suetin mem"]
[Site "Tula"]
[Date "2002.03.24"]
[Round "2"]
[White "Simantsev, Mikhail"]
[Black "Zhelnin, Vladimir V"]
[Result "1/2-1/2"]
[WhiteElo "2383"]
[BlackElo "2477"]
[PlyCount "121"]
[EventDate "2002.03.23"]
[Source "ChessBase"]
[SourceDate "2002.05.03"]

1. d4 b5 2. Nf3 Nf6 3. e3 a6 4. c4 bxc4 5. Bxc4 e6 6. O-O Bb7 7. b3 Be7 8. Bb2 O-O 9. Nc3 d6 10. Rc1 Nbd7 11. Qe2 c5 12. Bd3 cxd4 13. Nxd4 Nc5 14. Bb1 Qb6 15. Rfd1 Rfc8 16. Ba3 Nfe4 17. Nxe4 Nxe4 18. Bb2 Nf6 19. Bd3 g6 20. Nf3 a5 21. Bd4 Qd8 22. Nd2 a4 23. Nc4 axb3 24. axb3 e5 25. Bb2 Nd7 26. Ra1 Qc7 27. Rxa8 Bxa8 28. f3 d5 29. Nd2 Qb8 30. Rc1 Nc5 31. b4 e4 32. fxe4 dxe4 33. Bc4 Nd3 34. Bxd3 Rxc1+ 35. Bxc1 exd3 36. Qxd3 Qxb4 37. Qc4 Qb7 38. Nf3 Bf6 39. Bd2 Qb1+ 40. Qf1 Qe4 41. Qc1 Qg4 42. Qf1 h5 43. h3 Qd7 44. Qa6 Bc6 45. Qb6 Qd5 46. Bb4 Kh7 47. Qc7 Qe6 48. Qb6 g5 49. Bc3 g4 50. hxg4 hxg4 51. Bxf6 gxf3 52. Qd4 Kg6 53. Bh8 fxg2 54. Qg7+ Kf5 55. Qh7+ Kg4 56. Qg7+ Kf3 57. Qxg2+ Kxe3 58. Qf2+ Kd3 59. Qd4+ Kc2 60. Qc3+ Kd1 61. Qd3+ 1/2-1/2

[Event "Bucharest"]
[Site "Bucharest ROM"]
[Date "1995.??.??"]
[Round "12"]
[White "Grigore, George"]
[Black "Berechet, Otiliu"]
[Result "1-0"]
[WhiteElo "2445"]
[BlackElo "2415"]
[PlyCount "107"]
[EventDate "1995.??.??"]
[Source "www.chesslib.no"]
[SourceDate "2004.05.04"]

1. d4 b5 2. e4 a6 3. Bd3 e6 4. Nf3 c5 5. c3 Bb7 6. Nbd2 d6 7. Qe2 Nd7 8. O-O e5 9. Rd1 c4 10. Bc2 Qc7 11. b3 Nb6 12. Ba3 Be7 13. bxc4 bxc4 14. Rab1 Rc8 15. Rb2 Nf6 16. dxe5 dxe5 17. Bxe7 Kxe7 18. Rdb1 Nfd7 19. Qe3 Rhd8 20. Rxb6 Nxb6 21. Qxb6 Qxb6 22. Rxb6 Rc7 23. Kf1 f6 24. Ke1 Bc8 25. Nf1 Rd6 26. Rb8 Be6 27. Ne3 Rc5 28. Nh4 g6 29. Rh8 Rb5 30. Rxh7+ Kd8 31. Nxg6 Rb2 32. a4 Rd3 33. Re7 Bc8 34. Bxd3 cxd3 35. Nc4 Re2+ 36. Kf1 Rxe4 37. Ne3 Rxa4 38. Ke1 Ra2 39. h4 a5 40. h5 Ba6 41. c4 Ra1+ 42. Kd2 Rh1 43. g4 a4 44. Ra7 Bc8 45. Rxa4 e4 46. c5 Bb7 47. Rd4+ Kc7 48. Rd6 Ra1 49. Rxf6 Ra2+ 50. Kc3 Ra3+ 51. Kb2 Ra5 52. h6 Rb5+ 53. Kc3 Rxc5+ 54. Kd2 1-0

[Event "It"]
[Site "?"]
[Date "1997.08.12"]
[Round "8"]
[White "Sjoberg Mats"]
[Black "Laveryd Peter"]
[Result "0-1"]
[WhiteElo "2420"]
[BlackElo "2440"]
[PlyCount "110"]
[EventDate "1997.??.??"]
[Source "www.chesslib.no"]
[SourceDate "2004.05.04"]

1. d4 b5 2. e4 a6 3. Be3 e6 4. Nd2 Nf6 5. Bd3 Bb7 6. f3 d5 7. e5 Nfd7 8. f4 c5 9. Ngf3 Nc6 10. O-O Be7 11. Qe1 Nb4 12. dxc5 Nxc5 13. Bxc5 Bxc5+ 14. Kh1 Rc8 15. Nb3 Qb6 16. Qg3 g6 17. Nxc5 Qxc5 18. Qh4 Nxd3 19. cxd3 d4 20. Qf6 O-O 21. h4 Rfe8 22. h5 Qf8 23. hxg6 hxg6 24. Qh4 Rc2 25. Rac1 Rec8 26. Rxc2 Rxc2 27. Ng5 Bxg2+ 28. Kg1 Qg7 29. Rf2 Rxf2 30. Qxf2 Bd5 31. Qh4 Qh8 32. Qxh8+ Kxh8 33. Nxf7+ Kg7 34. Nd6 Bxa2 35. b4 Bb1 36. Ne8+ Kf7 37. Nc7 Bxd3 38. Nxa6 Bc4 39. Kf2 g5 40. fxg5 Kg6 41. Kf3 Kxg5 42. Ke4 d3 43. Ke3 Kf5 44. Nc5 Kxe5 45. Ne4 Kf5 46. Nd6+ Kf6 47. Ne4+ Ke5 48. Nd2 Bd5 49. Kxd3 Kf4 50. Kd4 Bc6 51. Nb1 e5+ 52. Kc5 Be4 53. Nc3 Bd3 54. Nd1 Be2 55. Nc3 Bc4 0-1

[Event "Bad Wiessee (28.11.-06.12)"]
[Site "?"]
[Date "1998.11.30"]
[Round "3"]
[White "Hertneck Gerald"]
[Black "Steffens Olaf"]
[Result "1-0"]
[WhiteElo "2555"]
[BlackElo "2305"]
[PlyCount "65"]
[EventDate "1998.??.??"]
[Source "www.chesslib.no"]
[SourceDate "2004.05.04"]

1. d4 b5 2. e4 Bb7 3. Bd3 c5 4. dxc5 e6 5. Be3 Qc7 6. Nc3 a6 7. Nh3 Nf6 8. O-O Bxc5 9. Re1 Bd6 10. f4 b4 11. Na4 Qc6 12. Nb6 Nxe4 13. Bxe4 Qxe4 14. Re2 Bc7 15. Nxa8 Bxa8 16. a3 Qf5 17. axb4 Bxg2 18. Rxg2 Qxh3 19. Ra3 Qh4 20. Rxg7 Bxf4 21. Bxf4 Qxf4 22. Rf3 Qxb4 23. Rfxf7 Qc5+ 24. Kg2 Qc6+ 25. Kh3 Kd8 26. Qd4 Qb5 27. Qf6+ Kc7 28. Rg5 Qe2 29. Qxh8 Qe3+ 30. Rg3 Qh6+ 31. Kg2 Qd2+ 32. Rf2 Qd5+ 33. Kg1 1-0

[Event "LTU-ch"]
[Site "?"]
[Date "2001.05.10"]
[Round "1"]
[White "Sakalauskas Vaidas"]
[Black "Zapolskis Antanas"]
[Result "1/2-1/2"]
[WhiteElo "2437"]
[BlackElo "2420"]
[PlyCount "100"]
[EventDate "2001.??.??"]
[Source "www.chesslib.no"]
[SourceDate "2004.05.04"]

1. d4 b5 2. e4 Bb7 3. Bd3 e6 4. Nf3 c5 5. c3 a6 6. O-O d6 7. Re1 Nd7 8. Nbd2 Ne7 9. Nf1 Ng6 10. Be3 Be7 11. a4 c4 12. Bc2 O-O 13. Ng3 Re8 14. h3 Bf8 15. Qd2 Qc7 16. Nh2 e5 17. f4 exf4 18. Bxf4 bxa4 19. Bxa4 Bc6 20. Qf2 Rab8 21. Re2 Bxa4 22. Rxa4 Rb6 23. Ng4 Reb8 24. Bc1 Qc6 25. Ra1 Rb5 26. Ne3 Nf6 27. Nef5 Ne8 28. Ne3 Ne7 29. d5 Qc8 30. Ra4 Rc5 31. Nd1 Ng6 32. Be3 Rc7 33. Bb6 Rd7 34. Bd4 Ne5 35. Bxe5 dxe5 36. Qf5 Bd6 37. Ne3 g6 38. Qf1 Bc5 39. Rxc4 Nd6 40. Ra4 a5 41. Kh2 Bxe3 42. Rxe3 Rxb2 43. Qf6 Rc2 44. Nh5 Ne8 45. Qxe5 gxh5 46. Rg3+ Kf8 47. Qh8+ Ke7 48. Qe5+ Kf8 49. Qh8+ Ke7 50. Qe5+ Kf8 1/2-1/2

[Event "BCF Ch"]
[Site "Torquay ENG"]
[Date "1982.??.??"]
[Round "6"]
[White "Littlewood, Paul E"]
[Black "Hodgson, Julian M"]
[Result "1/2-1/2"]
[WhiteElo "2465"]
[BlackElo "2385"]
[PlyCount "88"]
[EventDate "1982.08.02"]
[Source "www.chesslib.no"]
[SourceDate "2004.05.04"]

1. d4 b5 2. e4 Bb7 3. Bxb5 Bxe4 4. Nf3 e6 5. O-O Nf6 6. c4 Be7 7. Nc3 Bb7 8. Qd3 O-O 9. Bg5 d6 10. Rfe1 Nbd7 11. Rad1 Nb6 12. Qe2 c6 13. Ba4 Ba6 14. Bb3 Rc8 15. Na4 Bxc4 16. Bxc4 Nxa4 17. Bb3 Nb6 18. Bd2 Nbd5 19. Rc1 Qb6 20. Rc4 Rc7 21. Rec1 Qb7 22. Ba5 Nb6 23. R4c2 d5 24. Ne5 Rfc8 25. Nd3 Qa6 26. Bb4 Bxb4 27. Nxb4 Qxe2 28. Rxe2 a5 29. Na6 Ra7 30. Nc5 Nfd7 31. Na4 Kf8 32. Rec2 Nxa4 33. Bxa4 Nb8 34. Rc3 Rb7 35. b3 Rb4 36. Rd1 Nd7 37. a3 Rb6 38. Rdc1 Nb8 39. Rc5 Ra6 40. Bb5 Ra7 41. Bxc6 Nxc6 42. Rxc6 Rxc6 43. Rxc6 Rb7 44. Rc3 Ke7 1/2-1/2

[Event "Asti op 17th"]
[Site "?"]
[Date "1996.??.??"]
[Round "?"]
[White "Arlandi Ennio"]
[Black "Nurkic Sahbaz"]
[Result "1/2-1/2"]
[WhiteElo "2445"]
[BlackElo "2405"]
[PlyCount "57"]
[EventDate "1996.??.??"]
[Source "www.chesslib.no"]
[SourceDate "2004.05.04"]

1. d4 b5 2. e4 Bb7 3. f3 a6 4. Be3 d6 5. c3 Nd7 6. a4 c6 7. Nd2 Ngf6 8. Bd3 e5 9. Ne2 Be7 10. Ng3 O-O 11. O-O d5 12. Nf5 bxa4 13. Rxa4 c5 14. Bg5 cxd4 15. cxd4 exd4 16. Nb3 Re8 17. Nxe7+ Qxe7 18. Rxd4 Qe6 19. Kh1 Rac8 20. Rb4 Ba8 21. exd5 Bxd5 22. Nd4 Qd6 23. Qd2 a5 24. Rb5 Bc4 25. Rxa5 Bxd3 26. Qxd3 Ne5 27. Bf4 Nxd3 28. Bxd6 Nxb2 29. Bg3 1/2-1/2

[Event "SWE-ch"]
[Site "?"]
[Date "1997.07.06"]
[Round "7"]
[White "Ziegler Ari"]
[Black "Laveryd Peter"]
[Result "1-0"]
[WhiteElo "2455"]
[BlackElo "2390"]
[PlyCount "93"]
[EventDate "1997.??.??"]
[Source "www.chesslib.no"]
[SourceDate "2004.05.04"]

1. d4 b5 2. e4 a6 3. Bd3 e6 4. Nf3 c5 5. c3 Bb7 6. O-O Nf6 7. Re1 Qb6 8. a3 cxd4 9. cxd4 Nc6 10. e5 Nd5 11. Be4 Na5 12. Bg5 b4 13. axb4 Bxb4 14. Bd2 Nc4 15. Bxb4 Qxb4 16. Ra4 Qb5 17. Na3 Nxa3 18. Rxa3 Bc6 19. Ng5 h6 20. Qh5 g6 21. Bxg6 Nf4 22. Bxf7+ Ke7 23. Qg4 Nxg2 24. Nxe6 Rh7 25. Bg8 Qd5 26. Bxh7 Qxe6 27. Qxe6+ Kxe6 28. Rc1 Nf4 29. Kf1 Bb5+ 30. Ke1 Rf8 31. f3 Kd5 32. Rd1 Ke6 33. Rc3 Nd5 34. Ra3 Nf4 35. Kf2 Nh3+ 36. Ke3 Ng5 37. Be4 Nh3 38. b4 Nf4 39. Ra2 Nh3 40. Rg2 Ng5 41. h4 Nxe4 42. Kxe4 d5+ 43. exd6 Be8 44. d5+ Kxd6 45. Ra1 Bb5 46. Rg6+ Kd7 47. Raxa6 1-0

[Event "It (Men) Bucharest ROM"]
[Site "?"]
[Date "1998.??.??"]
[Round "?"]
[White "Rogozenko Dorian"]
[Black "Nanu Ciprian"]
[Result "1-0"]
[WhiteElo "2435"]
[BlackElo "2405"]
[PlyCount "95"]
[EventDate "1998.??.??"]
[Source "www.chesslib.no"]
[SourceDate "2004.05.04"]

1. d4 b5 2. e4 a6 3. Nf3 e6 4. a4 b4 5. c4 d6 6. Bd3 Bb7 7. O-O Nd7 8. a5 c5 9. Re1 e5 10. dxe5 dxe5 11. Bc2 Qc7 12. Ba4 O-O-O 13. Nbd2 Ngf6 14. Qc2 Nb8 15. Nf1 h6 16. N3d2 Nc6 17. Bxc6 Qxc6 18. f3 Ne8 19. Ne3 Nc7 20. Nd5 Ne6 21. Nb3 Bd6 22. Be3 Kb8 23. Nc1 g5 24. Nd3 Rhe8 25. Nf6 Rh8 26. Nd5 Rhe8 27. Qf2 Nd4 28. Bxd4 exd4 29. f4 gxf4 30. N3xf4 Qc8 31. Nd3 Qe6 32. b3 Rg8 33. Ra2 Rg5 34. Rae2 Rdg8 35. Qf3 Ka7 36. e5 Bf8 37. N3f4 Qf5 38. Qd3 Rxg2+ 39. Rxg2 Rxg2+ 40. Kxg2 Qxf4 41. Qg3 Qd2+ 42. Kg1 h5 43. Rf1 Bh6 44. Rxf7 d3 45. Qf3 Qe1+ 46. Kg2 Qxe5 47. Rxb7+ Kxb7 48. Nb6+ 1-0